1780 1177 1581 1821 1195 1461 1150 1881 1875 1490 1831 1637 1674 1097 1555 1952 1054 1291 1217 1363 1904 1544 1959 1729 1394 1918 1904 1649 1941 1859 1597 1830 1939 1285 1233 1569 1473 1192 1539 1265 1140 1156 1736 1622 1551 1173 1290 1799 1124 1386 1733 1496 1068 1637 1610 1540 1083 1795 1502 1497 1897 1200 1673 1416 1082 1156 1757 1019 1340 1433 1558 1701 1670 1461 1911 1224 1628 1995 1423 1099 1212 1319 1908 1795 1996 1198 1201 1195 1393 1043 1615 1111 1692 1544 1517 1620 1899 1698 1278 BCNSPRNW ULIB Ver.6.0+V

เปลี่ยนเป็นภาษาไทย

Change to English
 แสดงรายละเอียดบรรณานุกรม
  กลับหน้าหลัก

Brief Record : Get Marc (ISO 2709) : E-mail record : QR code < ปิดหน้าต่าง
LEADER : 00000nam 2200000uu 4500
001    13399110226
003     ULIB
008    110426s2552||||th 000 0 tha d
020    9789741149810
060 04 WL704^bศ287ค 2552
245 10 ความปวดและการระงับปวด = Pain & pain management /^cศศิกานต์ นิมมานรัชต์, วงจันทร์ เพชรพิเชฐเชียร, ชัชชัย ปรีชาไว, บรรณาธิการ
246 31 Pain & pain management
260    สงขลา :^bชานเมืองการพิมพ์,^c2552
300    305 หน้า :^bภาพประกอบ
504    มีบรรณานุกรมและดัชนีประกอบ
650  0 Pain^xTreatment
650  0 Analgesia
650  0 analgesics^xTherapeutic use
700 10 วงจันทร์ เพชรพิเชฐเชียร,^eบรรณาธิการ
700 10 ชัชชัย ปรีชาไว,^eบรรณาธิการ
945    ^p320^l0^i021242
945    ^p320^l0^i021241
945    ^p320^l0^i020540
945    ^p320^l0^i020539
945    ^p320^l0^i021239
995    ทศพร
999 ^a ใช้งานได้ทุกระบบ
รายการนี้ยังไม่มีแท็ก
คุณยังไม่ได้ล็อกอิน คุณสามารถมีกิจกรรมร่วมกับเว็บไซต์ได้ แต่ต้องล็อกอินก่อน ::
  ล็อกอิน

รายการสื่อสารสนเทศ

ลำดับที่ ประเภท เลขเรียก/บาร์โค้ด สถานที่ สถานะ
1. วิทยาศาสตร์การแพทย์ และสุขภาพ
วิทยาศาสตร์การแพทย์ และสุขภาพ
สถานะ=หนังสือเก่า
WL704 ศ287ค 2552 ฉ.6 
  Barcode: 021242
ห้องสมุดวิทยาเขตสวรรค์ประชารักษ์
►หนังสือทั่วไป
บนชั้น

รายการใกล้เคียง
    หัวเรื่อง [Analgesia]

BibComment


ยังไม่เคยถูกคอมเมนท์

คอมเมนท์ทรัพยากรรายการนี้
  คอมเมนท์: ความปวดและการระงั..


 Copyright 2026. Bcnsprnw @Library